000 00540nam a2200181Ia 4500
008 121003t2007 xxu||||| |||| 00| 0 sin d
041 _asin
080 _a8 - 3 (Youth)
_bART
100 _aArthur,Robert
245 _aස්කෙලිටන් දූපතේ වික්‍රමය
246 _aSkeliton Dupathe Vickramaya
260 _aTharanga Publishers
_aMudungoda
_c2007
300 _b114p, 18 cm
700 _aMahawithana,Vishaka Jayampathi
_etr.
942 _cBK
999 _c41554
_d41554
003 LK-CoDNM
040 _aLK-CoDNM
_dLK-CoDNM
_eLK-CoDNM